Datum a čas kvízu
26
Celkem bodů
Celkový počet nahraných bodů na tomto kvízu bez doplňovacích otázek.
12.
Pořadí na kvízu
Konečné umístění týmu na tomto kvízu.
Zaznamenané odpovědi
| # | Otázka | Odpověď | Body | Výsledky |
|---|---|---|---|---|
| 1. | Minulý týden policie informova... | škvor | 0 | |
| 2. | Minulý týden se v českých médi... | A | 1 | |
| 3. | Jedna televizní stanice ukonči... | MTV | 1 | |
| 4. | Kořist v hodnotě přibližně 30... | v Německu | 1 | |
| 5. | Co se zoufale snažil najít na... | vylomený zub | 0 | |
| 6. | Mezi nejúspěšnější sourozence... | 2008; 2012 | 0.5 | |
| 7. | Sourozenci Taschlerovi nás rep... | Natálie; Filip | 0 | |
| 8. | Opomenout v tomto tématu nesmí... | 7,5 km; 6 km | 1 | |
| 9. | Nyní bude vaším úkolem uhodnou... | v plavání | 1 | |
| 10. | Na závěr se podíváme na bratrs... | B) Maďarsko | 0 |